[Event "Coupe de la Loire"]
[Site "?"]
[Date "2015.05.10"]
[Round "3.1"]
[White "Doran, Niall"]
[Black "Acikgoz, Tuncay"]
[Result "0-1"]
[WhiteElo "1723"]
[BlackElo "1610"]
[PlyCount "94"]
[EventDate "2015.??.??"]
[WhiteTeam "EDR St Chamond"]
[BlackTeam "ESSE 1"]

1. e4 c6 2. d4 d5 3. exd5 cxd5 4. c4 Nf6 5. Nc3 g6 6. Nf3 Bg7 7. Qb3 dxc4 8.
Bxc4 O-O 9. O-O Nc6 10. Qd1 Bg4 11. Be3 Bxf3 12. Qxf3 Nxd4 13. Qxb7 Nc2 14.
Rad1 Qc8 15. Qxc8 Raxc8 16. Bb3 Nxe3 17. fxe3 Ng4 18. Nd5 Rfe8 19. Ba4 e6 20.
Bxe8 Rxe8 21. Nc7 Rc8 22. Rd7 Nf6 23. Rfd1 Nxd7 24. Rxd7 Bxb2 25. Kf2 Be5 26.
Nb5 a6 27. Nd6 Bxd6 28. Rxd6 Rc2+ 29. Kf3 Rxa2 30. h3 Kg7 31. g3 Ra5 32. Kg4
Kf6 33. e4 Ra4 34. Kf4 g5+ 35. Kf3 Ke5 36. Rb6 Ra3+ 37. Kg4 Kxe4 38. Rb8 f5+
39. Kxg5 Rxg3+ 40. Kh4 Rg1 41. Rb6 e5 42. Rxa6 f4 43. Ra4+ Ke3 44. Ra3+ Ke4 45.
Ra4+ Kf5 46. Ra5 f3 47. Ra3 e4 0-1

[Event "Coupe de la Loire"]
[Site "?"]
[Date "2015.05.10"]
[Round "3.2"]
[White "Samuel, Christian"]
[Black "Vier, Serge"]
[Result "1-0"]
[WhiteElo "1843"]
[BlackElo "1670"]
[PlyCount "53"]
[EventDate "2015.??.??"]
[WhiteTeam "ESSE 1"]
[BlackTeam "EDR St Chamond"]

1. d4 d5 2. Nf3 Nf6 3. c4 e6 4. g3 Nbd7 5. Bg2 c6 6. O-O Qc7 7. b3 e5 8. dxe5
Nxe5 9. Bb2 Nxf3+ 10. Bxf3 dxc4 11. bxc4 Be7 12. e4 Bh3 13. Re1 Rd8 14. Qe2 O-O
15. e5 Nd7 16. Bg4 Bxg4 17. Qxg4 Qb6 18. Bc3 Bb4 19. a3 Bxc3 20. Nxc3 Nc5 21.
Ne4 Nxe4 22. Rxe4 Qb2 23. Rae1 Rd2 24. Rf4 Qxa3 25. e6 fxe6 26. Qxe6+ Kh8 27.
Qe3 1-0

[Event "Coupe de la Loire"]
[Site "?"]
[Date "2015.05.10"]
[Round "3.3"]
[White "Avetikyan, Samuel"]
[Black "Boeuf, Jean-Julien"]
[Result "0-1"]
[WhiteElo "1220"]
[BlackElo "1505"]
[PlyCount "90"]
[EventDate "2015.??.??"]
[WhiteTeam "EDR St Chamond"]
[BlackTeam "ESSE 1"]

1. e4 d5 2. exd5 Nf6 3. c4 e6 4. Nc3 Qe7 5. Qe2 exd5 6. Qxe7+ Bxe7 7. cxd5 O-O
8. Bc4 c6 9. dxc6 Nxc6 10. Nf3 Bg4 11. Ng5 Bh5 12. d3 Nb4 13. O-O Bg6 14. Rd1
Rfd8 15. d4 Nc2 16. Rb1 Nxd4 17. Bd3 Bxd3 18. Rxd3 Ne2+ 19. Nxe2 Rxd3 20. Bf4
Rad8 21. Ng3 Rd1+ 22. Rxd1 Rxd1+ 23. Nf1 Nd5 24. Nh3 Nxf4 25. Nxf4 Bd6 26. g3
Bxf4 27. gxf4 Rd4 28. Ne3 Rxf4 29. Nd5 Rd4 30. Ne7+ Kf8 31. Nf5 Rd2 32. b4 Rxa2
33. b5 g6 34. Nd6 b6 35. f4 Ke7 36. Nc4 Ra4 37. Ne3 Ke6 38. Ng2 Rb4 39. Ne3
Rxf4 40. Kg2 Rb4 41. Kg3 Rxb5 42. h4 Rb3 43. Kf4 Rxe3 44. Kxe3 f5 45. Kd3 Ke5
0-1

[Event "Coupe de la Loire"]
[Site "?"]
[Date "2015.05.10"]
[Round "3.1"]
[White "Ben Habchi, Nordine"]
[Black "Liogier, Pascal"]
[Result "1-0"]
[WhiteElo "1275"]
[BlackElo "1580"]
[PlyCount "69"]
[EventDate "2015.??.??"]
[WhiteTeam "ESSE 2"]
[BlackTeam "Aurec 2"]

1. c4 f5 2. b3 d6 3. Bb2 e5 4. d4 e4 5. e3 Be6 6. Ne2 Nf6 7. Nf4 Bf7 8. Nc3 c6
9. Nce2 d5 10. c5 Be7 11. Ng3 Qc8 12. b4 g5 13. Nfh5 Nxh5 14. Nxh5 Bg6 15. Be2
O-O 16. Ng3 Qe6 17. Bh5 Nd7 18. Bxg6 hxg6 19. Qd2 Bd8 20. O-O-O a5 21. Bc3 axb4
22. Bxb4 Bc7 23. a3 Ra4 24. h4 f4 25. Ne2 Qg4 26. hxg5 Qxg5 27. Rh3 f3 28. gxf3
Rxf3 29. Rxf3 exf3 30. Rg1 Qf5 31. Nc3 Ra8 32. Qc2 Qxc2+ 33. Kxc2 Kg7 34. Nb1
Kf6 35. Nd2 1-0

[Event "Coupe de la Loire"]
[Site "?"]
[Date "2015.05.10"]
[Round "3.2"]
[White "Desassis, Jean-François"]
[Black "Libisweski, Christian"]
[Result "1-0"]
[WhiteElo "1491"]
[BlackElo "1435"]
[PlyCount "69"]
[EventDate "2015.??.??"]
[WhiteTeam "Aurec 2"]
[BlackTeam "ESSE 2"]

1. c4 Nf6 2. Nc3 c6 3. g3 d5 4. cxd5 cxd5 5. d4 Nc6 6. Bg2 Bf5 7. a3 e6 8. Nf3
Bd6 9. O-O h6 10. b4 O-O 11. Bb2 Re8 12. Nb5 Bb8 13. Rc1 a6 14. Nc3 Bd6 15. Na4
Rc8 16. Nc5 Qc7 17. Ne5 Qe7 18. f4 Ng4 19. Qb3 f6 20. Nxg4 Bxg4 21. Rce1 Kh8
22. e4 dxe4 23. Bxe4 f5 24. Bxc6 Rxc6 25. Rxe6 Qd8 26. Qc3 Rxe6 27. Nxe6 Qf6
28. Qe3 Bh5 29. Ba1 Bf7 30. Nxg7 Bd5 31. Ne8 Qe7 32. Qxe7 Bxe7 33. Re1 Re6 34.
Rxe6 Bxe6 35. d5+ 1-0

[Event "Coupe de la Loire"]
[Site "?"]
[Date "2015.05.10"]
[Round "3.3"]
[White "Hong, Shawn"]
[Black "Mialon, Franck"]
[Result "1/2-1/2"]
[WhiteElo "1390"]
[BlackElo "1340"]
[PlyCount "50"]
[EventDate "2015.??.??"]
[WhiteTeam "ESSE 2"]
[BlackTeam "Aurec 2"]

1. e4 e5 2. Nf3 Nc6 3. Bc4 Nf6 4. d3 Bc5 5. c3 O-O 6. h3 d5 7. exd5 Nxd5 8. O-O
Nf4 9. Bxf4 exf4 10. Nbd2 Qf6 11. Ne4 Qg6 12. Kh1 Bb6 13. Qd2 Qf5 14. Rfe1 Ne5
15. Nxe5 Qxe5 16. d4 Qf5 17. f3 g5 18. Nc5 Qg6 19. Na4 Qh5 20. Be2 f5 21. Rg1
Qh4 22. Nxb6 axb6 23. Bc4+ Kh8 24. Qe1 Qh6 25. Qe5+ Rf6 1/2-1/2

[Event "Coupe de la Loire"]
[Site "?"]
[Date "2015.05.10"]
[Round "3.2"]
[White "Perroux, Louis"]
[Black "Barrandon, Georges"]
[Result "0-1"]
[WhiteElo "1099"]
[BlackElo "1450"]
[PlyCount "50"]
[EventDate "2015.??.??"]
[WhiteTeam "EDR 2"]
[BlackTeam "St Chamond 1"]

1. e4 c5 2. d4 cxd4 3. a3 e5 4. c3 dxc3 5. bxc3 Nf6 6. f3 Bc5 7. Nh3 O-O 8. Bc4
Nc6 9. g3 d5 10. exd5 Ne7 11. d6 Qxd6 12. Qxd6 Bxd6 13. f4 Bxh3 14. fxe5 Bxe5
15. a4 Rad8 16. a5 Bg4 17. a6 b6 18. h3 Rd1+ 19. Kf2 Rxh1 20. hxg4 Rxc1 21. Kf3
Rd8 22. Be2 Bxc3 23. Nxc3 Rxa1 24. g5 Nfd5 25. Nxd5 Rxd5 0-1

[Event "Coupe de la Loire"]
[Site "?"]
[Date "2015.05.10"]
[Round "3.3"]
[White "Bouchut, Léo"]
[Black "Roussel, Nathan"]
[Result "1-0"]
[WhiteElo "1424"]
[BlackElo "1399"]
[PlyCount "59"]
[EventDate "2015.??.??"]
[WhiteTeam "St Chamond 1"]
[BlackTeam "EDR 2"]

1. e4 d5 2. exd5 Qxd5 3. Nc3 Qd7 4. d4 Nf6 5. Bb5 Nc6 6. Bg5 Qg4 7. Bxc6+ Bd7
8. Bxf6 Bxc6 9. Qxg4 exf6 10. Nf3 Bd7 11. Qe4+ Be7 12. O-O c6 13. Rfe1 Be6 14.
d5 f5 15. Qe5 Bd6 16. Qxg7 O-O-O 17. dxe6 fxe6 18. Rxe6 Rhe8 19. Rxe8 Rxe8 20.
Qxh7 Rf8 21. Qh6 Be7 22. Rd1 Rf6 23. Qg7 Re6 24. Qg8+ Kc7 25. Qxe6 f4 26. Qxe7+
Kb6 27. Nb5 cxb5 28. Rd6+ Kc5 29. Qc7+ Kb4 30. Rd4# 1-0

[Event "Coupe de la Loire"]
[Site "?"]
[Date "2015.05.10"]
[Round "3.4"]
[White "Perrin, Théo"]
[Black "Viricel, Maxime"]
[Result "0-1"]
[WhiteElo "1150"]
[BlackElo "1010"]
[PlyCount "61"]
[EventDate "2015.??.??"]
[WhiteTeam "EDR 2"]
[BlackTeam "St Chamond 1"]

1. e4 e5 2. Nf3 Nc6 3. Nc3 Nf6 4. Bc4 Bb4 5. a3 Bxc3 6. dxc3 O-O 7. O-O d6 8.
Ng5 Qe7 9. Bxf7+ Rxf7 10. Nxf7 Qxf7 11. b4 a5 12. b5 Na7 13. Qf3 Bg4 14. Qe3
Nxb5 15. c4 Nd4 16. c3 Nc2 17. Qd2 Nxa1 18. Qa2 Nxe4 19. f3 Nxc3 20. Qxa1 Ne2+
21. Kh1 a4 22. Bb2 Rf8 23. Qd1 Qxc4 24. fxg4 Rxf1+ 25. Qxf1 Qc2 26. Ba1 c5 27.
g5 c4 28. g6 hxg6 29. h3 Ng3+ 30. Kg1 Nxf1 31. Kxf1 0-1